[Event "Alushta Rapid op"]
[Site "Alushta"]
[Date "2023.07.11"]
[Round "3"]
[White "Vastrukhin, Oleg"]
[Black "Varezhkin, Viktor"]
[Result "1/2-1/2"]
[WhiteElo "2343"]
[BlackElo "2062"]
[PlyCount "63"]
[EventDate "2023.07.11"]
[EventType "swiss (rapid)"]
[EventRounds "11"]
[EventCountry "UKR"]
[SourceTitle "CBM 215 Extra"]
[Source "ChessBase"]
[SourceDate "2023.09.30"]
[SourceVersion "1"]
[SourceVersionDate "2023.09.30"]
[SourceQuality "1"]

1. Nf3 Nf6 2. g3 b6 3. Bg2 Bb7 4. 0-0 c5 5. d3 e6 6. e4 d6 7. Nbd2 Be7 8. a4 a6 9. e5 dxe5 10. Nxe5 Bxg2 11. Kxg2 Qd5+ 12. Qf3 Qxf3+ 13. Kxf3 Nfd7 14. Nxd7 Nxd7 15. Nc4 0-0 16. Bf4 Bf6 17. Nd6 Bxb2 18. Rab1 Bf6 19. Ne4 Rfc8 20. c4 a5 21. Rb3 Rc6 22. Rfb1 Be7 23. g4 f5 24. gxf5 exf5 25. Nc3 Re6 26. Nd5 Bd8 27. Bc7 Rc8 28. Bxb6 Bxb6 29. Nxb6 Ne5+ 30. Kg2 Rg6+ 31. Kh1 Nf3 32. Nxc8 1/2-1/2

[Event "Alushta op"]
[Site "Alushta"]
[Date "2023.07.04"]
[Round "3"]
[White "Shalagin, Vladimir"]
[Black "Varezhkin, Viktor"]
[Result "1/2-1/2"]
[WhiteElo "1859"]
[BlackElo "2062"]
[PlyCount "129"]
[EventDate "2023.07.02"]
[EventType "swiss"]
[EventRounds "9"]
[EventCountry "UKR"]
[SourceTitle "CBM 215 Extra"]
[Source "ChessBase"]
[SourceDate "2023.09.30"]
[SourceVersion "1"]
[SourceVersionDate "2023.09.30"]
[SourceQuality "1"]

1. e4 c5 2. Nf3 e6 3. Nc3 a6 4. d4 cxd4 5. Nxd4 Qc7 6. g3 b5 7. a3 Nf6 8. Bg2 Bb7 9. 0-0 Nc6 10. Nxc6 dxc6 11. Qe2 Bc5 12. Bg5 Nd7 13. Rad1 h6 14. Bf4 e5 15. Bc1 0-0 16. Bxh6 Nf6 17. Bg5 Nh7 18. Be3 Be7 19. Bh3 Rfd8 20. Rxd8+ Rxd8 21. Rd1 Nf8 22. Rxd8 Qxd8 23. Bg4 Bc8 24. Bxc8 Qxc8 25. Kg2 Ne6 26. Qd3 Kf8 27. Ne2 Ke8 28. Ng1 f6 29. Nf3 Qd7 30. Qxd7+ Kxd7 31. h4 c5 32. c3 c4 33. Ne1 Bc5 34. Kf3 Bxe3 35. Kxe3 Nc5 36. f4 Na4 37. fxe5 fxe5 38. Nf3 Ke6 39. g4 Nxb2 40. Kd2 Nd3 41. Ke3 Nf4 42. h5 Kd6 43. Nh4 Ke6 44. Nf5 Kf6 45. Nd6 Ne6 46. Kf3 Nc5 47. Ne8+ Kf7 48. Nc7 Kf6 49. Nd5+ Kg5 50. Nc7 Na4 51. Nxa6 Nxc3 52. Nc7 Nb1 53. Nxb5 c3 54. Nxc3 Nxc3 55. Ke3 Kxg4 56. Kd3 Na4 57. Kc4 Nb6+ 58. Kc5 Na4+ 59. Kd6 Kf4 60. Ke7 Nb6 61. Kf7 Kg5 62. Kxg7 Kxh5 63. Kf6 Nc4 64. Ke6 Kg5 65. Kd5 1/2-1/2

[Event "RUS-ch Silent"]
[Site "Zelenograd"]
[Date "2022.04.18"]
[Round "11"]
[White "Petrov, Alexey"]
[Black "Varezhkin, Viktor"]
[Result "0-1"]
[WhiteElo "1816"]
[BlackElo "2139"]
[PlyCount "80"]
[EventDate "2022.04.09"]
[EventType "swiss"]
[EventRounds "11"]
[EventCountry "RUS"]
[SourceTitle "EXT 2023"]
[Source "ChessBase"]
[SourceDate "2022.10.05"]
[SourceVersion "1"]
[SourceVersionDate "2022.10.05"]
[SourceQuality "1"]

1. e4 Nf6 2. e5 Nd5 3. d4 d6 4. c4 Nb6 5. exd6 cxd6 6. Nc3 g6 7. Be3 Bg7 8. Rc1 0-0 9. b3 Nc6 10. d5 Ne5 11. Nf3 Bg4 12. Be2 Nxf3+ 13. Bxf3 Bxf3 14. Qxf3 Nd7 15. 0-0 a6 16. Ne4 Rc8 17. Qd1 Qa5 18. a4 Nc5 19. Nxc5 dxc5 20. Bd2 Qb6 21. Bc3 e6 22. Bxg7 Kxg7 23. dxe6 Qxe6 24. Re1 Qf6 25. Qe2 Rcd8 26. Qe5 b6 27. Qxf6+ Kxf6 28. Rc3 Rd7 29. Rf3+ Kg7 30. h4 Rfd8 31. Kf1 Rd3 32. Ree3 Rd2 33. Re2 f5 34. Rxd2 Rxd2 35. Ke1 Rd4 36. g3 Kf6 37. Ke2 f4 38. Rxf4+ Rxf4 39. gxf4 Kf5 40. Kf3 h5 0-1

[Event "RUS-ch Silent"]
[Site "Zelenograd"]
[Date "2022.04.12"]
[Round "4"]
[White "Varezhkin, Viktor"]
[Black "Davydov, Evgeny G"]
[Result "1-0"]
[WhiteElo "2139"]
[BlackElo "1954"]
[PlyCount "47"]
[EventDate "2022.04.09"]
[EventType "swiss"]
[EventRounds "11"]
[EventCountry "RUS"]
[SourceTitle "EXT 2023"]
[Source "ChessBase"]
[SourceDate "2022.10.05"]
[SourceVersion "1"]
[SourceVersionDate "2022.10.05"]
[SourceQuality "1"]

1. e4 c6 2. d3 d5 3. Nd2 e6 4. g3 Nf6 5. Bg2 Be7 6. Ngf3 0-0 7. 0-0 c5 8. e5 Nfd7 9. Re1 Nc6 10. c3 b5 11. a4 bxa4 12. Qxa4 Qc7 13. Qf4 a5 14. Qe3 Bb7 15. Qe2 a4 16. h4 Rfe8 17. Nf1 Nf8 18. N1h2 Qd7 19. h5 h6 20. Ng4 d4 21. c4 Bd8 22. Bf4 Ne7 23. Bxh6 gxh6 24. Nf6+ 1-0

[Event "RUS-ch Silent"]
[Site "Zelenograd"]
[Date "2022.04.09"]
[Round "1"]
[White "Nikitenko, Sergey"]
[Black "Varezhkin, Viktor"]
[Result "0-1"]
[WhiteElo "1836"]
[BlackElo "2139"]
[PlyCount "73"]
[EventDate "2022.04.09"]
[EventType "swiss"]
[EventRounds "11"]
[EventCountry "RUS"]
[SourceTitle "EXT 2023"]
[Source "ChessBase"]
[SourceDate "2022.10.05"]
[SourceVersion "1"]
[SourceVersionDate "2022.10.05"]
[SourceQuality "1"]

1. d4 Nf6 2. c4 c5 3. d5 b5 4. cxb5 a6 5. bxa6 g6 6. Nc3 Bxa6 7. g3 d6 8. Bg2 Bg7 9. Nf3 0-0 10. 0-0 Nbd7 11. Re1 Ng4 12. h3 Nge5 13. Nxe5 Nxe5 14. Qc2 Qa5 15. Rb1 Rfb8 16. a3 Nc4 17. Bd2 Nxd2 18. Qxd2 Rxb2 19. Qxb2 Bxc3 20. Qc1 Bd2 21. Qd1 c4 22. e4 c3 23. Qc2 Bxe1 24. Rxe1 Qxa3 25. Rc1 Rc8 26. Bf1 Kg7 27. f4 Bxf1 28. Kxf1 Qc5 29. Ke2 Qb5+ 30. Qd3 Rc4 31. Kf3 Qc5 32. Rc2 f6 33. g4 Qb4 34. f5 g5 35. Ke3 Kf7 36. Kf3 Rd4 37. Ke3 0-1

[Event "RUS-ch Silent"]
[Site "Zelenograd"]
[Date "2019.04.12"]
[Round "10"]
[White "Oorzhak, Aldar"]
[Black "Varezhkin, Viktor"]
[Result "0-1"]
[WhiteElo "1898"]
[BlackElo "2215"]
[PlyCount "106"]
[EventDate "2019.04.03"]
[EventType "swiss"]
[EventRounds "11"]
[EventCountry "RUS"]
[SourceTitle "CBM 190 Extra"]
[Source "ChessBase"]
[SourceDate "2019.07.15"]
[SourceVersion "1"]
[SourceVersionDate "2019.07.15"]
[SourceQuality "1"]

1. d4 d5 2. Nf3 Nf6 3. Bf4 c5 4. e3 Nc6 5. Nbd2 Bf5 6. c3 e6 7. Qb3 Qb6 8. dxc5 Bxc5 9. Nh4 Be4 10. Bb5 a6 11. Bxc6+ bxc6 12. Qxb6 Bxb6 13. Be5 Bd3 14. 0-0-0 Ke7 15. Nb3 Bc4 16. Nd2 Be2 17. Rde1 Bd3 18. Nhf3 Rac8 19. h3 h5 20. Bh2 Nd7 21. Ne5 Nxe5 22. Bxe5 f6 23. Bg3 e5 24. h4 c5 25. e4 dxe4 26. Nxe4 c4 27. f3 Rhd8 28. Bh2 Rd5 29. Bg1 Ba5 30. Bf2 Rb5 31. a4 Rd5 32. Rd1 f5 33. Ng5 Rb8 34. b4 cxb3 35. Kb2 Rc8 36. Be1 Rd7 37. c4 Bxe1 38. Rhxe1 Rc5 39. Kxb3 Rb7+ 40. Ka3 Bxc4 41. Rb1 Rbc7 42. Rec1 a5 43. Rb6 R5c6 44. Rcb1 Kd6 45. Rd1+ Kc5 46. Rbb1 Rb6 47. Rxb6 Kxb6 48. Kb2 Kc5 49. Rd8 Kb4 50. Re8 Bd3 51. Rxe5 Rc2+ 52. Ka1 Ka3 53. Re1 Ra2# 0-1

[Event "RUS-ch Silent"]
[Site "Zelenograd"]
[Date "2019.04.11"]
[Round "9"]
[White "Shajakhmetov, Linat"]
[Black "Varezhkin, Viktor"]
[Result "0-1"]
[WhiteElo "2093"]
[BlackElo "2215"]
[PlyCount "96"]
[EventDate "2019.04.03"]
[EventType "swiss"]
[EventRounds "11"]
[EventCountry "RUS"]
[SourceTitle "CBM 190 Extra"]
[Source "ChessBase"]
[SourceDate "2019.07.15"]
[SourceVersion "1"]
[SourceVersionDate "2019.07.15"]
[SourceQuality "1"]

1. d4 Nf6 2. Bf4 d5 3. e3 c5 4. c3 Nc6 5. Nd2 Bf5 6. Qb3 Qd7 7. Ngf3 c4 8. Qd1 h6 9. Be2 e6 10. Ne5 Nxe5 11. Bxe5 Qc6 12. 0-0 Ne4 13. f3 Nxd2 14. Qxd2 f6 15. Bg3 Be7 16. Bd1 Bd3 17. Re1 b5 18. Bc2 Bxc2 19. Qxc2 Kf7 20. e4 Rhe8 21. Re2 a5 22. a3 b4 23. axb4 axb4 24. Ree1 Rxa1 25. Rxa1 Ra8 26. Re1 Ra2 27. exd5 Qxd5 28. Bf4 b3 29. Qe2 Ba3 30. Bc1 Bd6 31. f4 g6 32. g4 Ra8 33. Qe3 g5 34. Qf2 Kg7 35. Rf1 Rf8 36. Qe2 Rf7 37. Bd2 Ra7 38. Bc1 Ra1 39. fxg5 hxg5 40. Qf2 Be7 41. Qe3 Bd6 42. Qf2 Be7 43. Qe2 Ra8 44. Re1 e5 45. dxe5 Bc5+ 46. Be3 Re8 47. exf6+ Kf7 48. Kf2 Rxe3 0-1

[Event "RUS-ch Silent"]
[Site "Zelenograd"]
[Date "2019.04.10"]
[Round "8"]
[White "Varezhkin, Viktor"]
[Black "Shalagin, Vladimir"]
[Result "1-0"]
[WhiteElo "2215"]
[BlackElo "2033"]
[PlyCount "95"]
[EventDate "2019.04.03"]
[EventType "swiss"]
[EventRounds "11"]
[EventCountry "RUS"]
[SourceTitle "CBM 190 Extra"]
[Source "ChessBase"]
[SourceDate "2019.07.15"]
[SourceVersion "1"]
[SourceVersionDate "2019.07.15"]
[SourceQuality "1"]

1. Nf3 Nf6 2. c4 g6 3. g3 Bg7 4. Bg2 d6 5. d4 0-0 6. 0-0 Nc6 7. Nc3 e5 8. d5 Nb8 9. e4 a5 10. Ne1 Na6 11. Nd3 Nd7 12. f4 exf4 13. gxf4 Bd4+ 14. Kh1 f5 15. e5 dxe5 16. Nb5 Qf6 17. Nxd4 exd4 18. b3 c6 19. dxc6 bxc6 20. Bb2 Rb8 21. Qd2 Rd8 22. Qxa5 c5 23. Bd5+ Kg7 24. Rae1 Bb7 25. Bxb7 Rxb7 26. Rf2 Nf8 27. Rfe2 Rdd7 28. Kg1 Qd6 29. Re5 Re7 30. Nxc5 Nxc5 31. Rxe7+ Rxe7 32. Rxe7+ Qxe7 33. Bxd4+ Kg8 34. Bxc5 Qe2 35. Bf2 Ne6 36. Qe5 Qd1+ 37. Kg2 Kf7 38. h3 Qd2 39. Qe3 Qd6 40. Bg3 g5 41. fxg5 f4 42. Qf3 Qd2+ 43. Qf2 Qc1 44. Bxf4 Nxf4+ 45. Kg3 Kg6 46. Qxf4 Qc3+ 47. Kg4 h5+ 48. gxh6 1-0

[Event "W-ch Disabled"]
[Site "Dresden"]
[Date "2017.10.08"]
[Round "3"]
[White "Obodchuk, Andrei"]
[Black "Varezhkin, Viktor"]
[Result "0-1"]
[WhiteElo "2360"]
[BlackElo "2243"]
[PlyCount "130"]
[EventDate "2017.10.06"]
[EventType "swiss"]
[EventRounds "7"]
[EventCountry "GER"]
[SourceTitle "CBM 181 Extra"]
[Source "ChessBase"]
[SourceDate "2017.12.12"]
[SourceVersion "1"]
[SourceVersionDate "2017.12.12"]
[SourceQuality "1"]

1. d4 d5 2. c4 c6 3. Nf3 Nf6 4. Nc3 g6 5. Bf4 Bg7 6. e3 Nbd7 7. cxd5 Nxd5 8. Bg3 Nxc3 9. bxc3 Qa5 10. Rc1 Qxa2 11. Bd3 e5 12. 0-0 Qe6 13. e4 0-0 14. Bc2 c5 15. dxe5 Nxe5 16. Nxe5 Bxe5 17. Bb3 Qe7 18. f4 Bg7 19. f5 c4 20. Bd6 Qxe4 21. Bxf8 Bxf8 22. Bc2 Qc6 23. Kh1 b5 24. Qg4 Bb7 25. Rce1 Re8 26. Bd1 Rxe1 27. Rxe1 Qf6 28. Rf1 Bc8 29. Qg3 Bd6 30. Qe1 Qe5 31. Qxe5 Bxe5 32. Re1 f6 33. fxg6 hxg6 34. Bf3 Kf7 35. Re3 a5 36. h4 b4 37. cxb4 axb4 38. Bd5+ Be6 39. Bxc4 Bxc4 40. Re4 Be6 41. Rxb4 Bg3 42. Rb7+ Kf8 43. Rb4 Bf5 44. Kg1 Kg7 45. Kf1 Bd3+ 46. Kg1 Be2 47. Re4 Bh5 48. Ra4 f5 49. Ra3 Bxh4 50. g3 Be7 51. Ra4 Bd1 52. Rc4 Bb3 53. Rc7 Kf6 54. Kg2 Bd6 55. Rd7 Be5 56. Kf3 Kg5 57. Re7 Bd5+ 58. Kf2 Bd4+ 59. Ke1 Bg2 60. Rd7 Bc5 61. Rc7 Bb6 62. Rg7 Bd4 63. Rg8 Be4 64. Ke2 Kh5 65. Rd8 Be5 0-1

[Event "RUS-ch Silent"]
[Site "Zelenograd"]
[Date "2017.09.25"]
[Round "10"]
[White "Davydov, Evgeny G"]
[Black "Varezhkin, Viktor"]
[Result "0-1"]
[WhiteElo "2053"]
[BlackElo "2243"]
[PlyCount "61"]
[EventDate "2017.09.19"]
[EventType "swiss"]
[EventRounds "11"]
[EventCountry "RUS"]
[SourceTitle "EXT 2019"]
[Source "ChessBase"]
[SourceDate "2018.10.10"]
[SourceVersion "1"]
[SourceVersionDate "2018.10.10"]
[SourceQuality "1"]

1. d4 d5 2. c4 c6 3. e3 e6 4. Nf3 f5 5. Bd3 Nf6 6. 0-0 Bd6 7. b3 Qe7 8. Bb2 0-0 9. Nbd2 Ne4 10. Ne5 Nd7 11. Nxd7 Bxd7 12. f3 Qh4 13. f4 Nxd2 14. Qxd2 Rf6 15. Qf2 Qh6 16. Kh1 g5 17. Bc3 Kf7 18. a3 Rg8 19. Ra2 Rfg6 20. Qf3 gxf4 21. exf4 Rg3 22. Qe2 R3g4 23. cxd5 cxd5 24. g3 Rxg3 25. Bb4 Bxf4 26. Bd2 Rg2 27. Bxf4 Rxe2 28. Rxe2 Qh3 29. Rd2 Rg4 30. Be5 Qe3 31. Rdd1 0-1

[Event "RUS-ch Silent"]
[Site "Zelenograd"]
[Date "2017.09.23"]
[Round "7"]
[White "Varezhkin, Viktor"]
[Black "Malyuga, Valentin"]
[Result "1-0"]
[WhiteElo "2243"]
[BlackElo "2100"]
[PlyCount "51"]
[EventDate "2017.09.19"]
[EventType "swiss"]
[EventRounds "11"]
[EventCountry "RUS"]
[SourceTitle "EXT 2019"]
[Source "ChessBase"]
[SourceDate "2018.10.10"]
[SourceVersion "1"]
[SourceVersionDate "2018.10.10"]
[SourceQuality "1"]

1. d4 d5 2. c4 c6 3. Nc3 Nf6 4. Nf3 g6 5. Bf4 Bg7 6. e3 0-0 7. h3 dxc4 8. Bxc4 b5 9. Bb3 b4 10. Na4 Nbd7 11. Rc1 Bb7 12. 0-0 Nd5 13. Bh2 Rc8 14. Qd2 a5 15. Rc2 e6 16. Rfc1 Re8 17. Bd6 f6 18. e4 N5b6 19. Nc5 Nxc5 20. dxc5 Nd7 21. Qe2 Bh6 22. Rd1 Ra8 23. Nd4 Kf7 24. Nxe6 Rxe6 25. Bxe6+ Kg7 26. Bf4 1-0

[Event "RUS-ch Silent"]
[Site "Zelenograd"]
[Date "2017.09.21"]
[Round "4"]
[White "Skorobogatykh, Andrey"]
[Black "Varezhkin, Viktor"]
[Result "0-1"]
[WhiteElo "2182"]
[BlackElo "2243"]
[PlyCount "78"]
[EventDate "2017.09.19"]
[EventType "swiss"]
[EventRounds "11"]
[EventCountry "RUS"]
[SourceTitle "EXT 2019"]
[Source "ChessBase"]
[SourceDate "2018.10.10"]
[SourceVersion "1"]
[SourceVersionDate "2018.10.10"]
[SourceQuality "1"]

1. e4 c5 2. Nf3 Nc6 3. d4 cxd4 4. Nxd4 Nf6 5. Nc3 d6 6. Bg5 Bd7 7. Qd2 Rc8 8. 0-0-0 Nxd4 9. Qxd4 Qa5 10. h4 a6 11. Kb1 e5 12. Qd2 Rxc3 13. Bxf6 Be6 14. Qxc3 Qxa2+ 15. Kc1 gxf6 16. Kd2 d5 17. exd5 Qxd5+ 18. Qd3 Qa2 19. Ke1 Be7 20. c3 0-0 21. Qb1 Qa4 22. Bd3 Kh8 23. Bxh7 Qg4 24. Be4 f5 25. Bf3 Qc4 26. Be2 Qc6 27. Qc1 Kh7 28. Qe3 e4 29. f3 Rg8 30. fxe4 fxe4 31. g4 Bxg4 32. Bxg4 Rxg4 33. Kd2 Bc5 34. Qe2 Rg2 35. Qxg2 e3+ 36. Kc1 Qxg2 37. Rhg1 Qe4 38. Rdf1 e2 39. Rxf7+ Kh8 0-1

[Event "Zelenograd-ch"]
[Site "Zelenograd"]
[Date "2016.09.26"]
[Round "11"]
[White "Chernov, Igor2222"]
[Black "Varezhkin, Viktor"]
[Result "0-1"]
[WhiteElo "2090"]
[BlackElo "2240"]
[PlyCount "96"]
[EventDate "2016.09.19"]
[EventType "swiss"]
[EventRounds "11"]
[EventCountry "RUS"]
[SourceTitle "EXT 2017"]
[Source "ChessBase"]
[SourceDate "2016.10.25"]
[SourceVersion "1"]
[SourceVersionDate "2016.10.25"]
[SourceQuality "1"]

1. Nf3 d5 2. g3 c5 3. Bg2 Nc6 4. 0-0 e5 5. d3 f6 6. c4 dxc4 7. dxc4 Be6 8. Qa4 Qa5 9. Qxa5 Nxa5 10. b3 0-0-0 11. Bd2 Nc6 12. Bc3 Nd4 13. Bxd4 cxd4 14. Rd1 Ne7 15. b4 Nc6 16. b5 Na5 17. Rc1 Kb8 18. c5 Rc8 19. c6 bxc6 20. bxc6 Bd5 21. Nbd2 Rxc6 22. Rab1+ Kc7 23. Nxe5 Bxg2 24. Nf7 Rg8 25. Kxg2 Ba3 26. Rxc6+ Nxc6 27. Nc4 Bc5 28. Rb5 Be7 29. Rd5 a6 30. a3 Rf8 31. Nfd6 Bxd6 32. Nxd6 Rd8 33. Rh5 Rxd6 34. Rxh7 Rd7 35. h4 Ne5 36. f3 Nc4 37. Rh5 Kb6 38. a4 Ne3+ 39. Kf2 f5 40. g4 fxg4 41. a5+ Kc6 42. Rg5 Rf7 43. h5 gxf3 44. exf3 Rd7 45. Ke2 d3+ 46. Kd2 Nc4+ 47. Kd1 d2 48. Rg6+ Kc7 0-1

[Event "Zelenograd-ch"]
[Site "Zelenograd"]
[Date "2016.09.23"]
[Round "9"]
[White "Varezhkin, Viktor"]
[Black "Shalagin, Vladimir"]
[Result "1-0"]
[WhiteElo "2240"]
[BlackElo "1851"]
[PlyCount "99"]
[EventDate "2016.09.19"]
[EventType "swiss"]
[EventRounds "11"]
[EventCountry "RUS"]
[SourceTitle "EXT 2017"]
[Source "ChessBase"]
[SourceDate "2016.10.25"]
[SourceVersion "1"]
[SourceVersionDate "2016.10.25"]
[SourceQuality "1"]

1. e4 e5 2. Nf3 Nc6 3. d4 exd4 4. Nxd4 Qf6 5. Nb5 Bc5 6. Qf3 Qxf3 7. gxf3 Nd4 8. Nxd4 Bxd4 9. c3 Bb6 10. Na3 d6 11. Rg1 g6 12. Nc4 Be6 13. Nxb6 axb6 14. a3 f6 15. Be3 Ne7 16. 0-0-0 Kf7 17. Kc2 Ra5 18. Be2 h5 19. h4 Rd8 20. c4 Nc6 21. f4 f5 22. f3 Ne7 23. Rg2 Rg8 24. Bc1 Nc6 25. b4 Raa8 26. Bb2 Rac8 27. Bc3 Ra8 28. Kb2 Rae8 29. Kc2 Bc8 30. Bd3 Nd8 31. Kd2 Bd7 32. Rdg1 fxe4 33. Bxe4 Bf5 34. Bxf5 gxf5 35. Rg7+ Rxg7 36. Rxg7+ Kf8 37. Rg5 Kf7 38. Rxh5 Ne6 39. Rxf5+ Kg6 40. Rf6+ Kh5 41. Ke3 Kxh4 42. f5 Ng5+ 43. Kd3 Nxf3 44. Rf7 Ne5+ 45. Bxe5 Rxe5 46. Rxc7 Rxf5 47. Rxb7 Rf3+ 48. Kd4 Rxa3 49. Rxb6 Rb3 50. b5 1-0

[Event "Zelenograd-ch"]
[Site "Zelenograd"]
[Date "2016.09.22"]
[Round "6"]
[White "Gerasimov, Alexander"]
[Black "Varezhkin, Viktor"]
[Result "0-1"]
[WhiteElo "1457"]
[BlackElo "2240"]
[PlyCount "112"]
[EventDate "2016.09.19"]
[EventType "swiss"]
[EventRounds "11"]
[EventCountry "RUS"]
[SourceTitle "EXT 2017"]
[Source "ChessBase"]
[SourceDate "2016.10.25"]
[SourceVersion "1"]
[SourceVersionDate "2016.10.25"]
[SourceQuality "1"]

1. e4 d5 2. Nc3 d4 3. Nce2 e5 4. Ng3 Be6 5. Nf3 Nd7 6. Bb5 c6 7. Ba4 Qa5 8. Bb3 Bxb3 9. cxb3 d3 10. 0-0 f6 11. Ne1 Qb5 12. Qf3 Nc5 13. b4 Ne6 14. Qxd3 Qxd3 15. Nxd3 Rd8 16. Ne1 Bxb4 17. Nf3 g5 18. a3 Bc5 19. Rd1 Ne7 20. d3 h5 21. Be3 h4 22. Ne2 g4 23. Ne1 Bxe3 24. fxe3 Kf7 25. Rac1 Ng5 26. Nc3 f5 27. exf5 Nxf5 28. Nc2 Ke6 29. e4 Nd4 30. Nxd4+ Rxd4 31. Ne2 Rd7 32. Rc4 Rf8 33. Nc1 h3 34. Rf1 Rf4 35. Rxf4 exf4 36. Rc5 Rg7 37. Nb3 hxg2 38. Kxg2 Nf3 39. Rh5 Ne1+ 40. Kf1 Nxd3 41. Nd4+ Kd7 42. Nf5 Rg6 43. Rh7+ Ke6 44. Rxb7 Nc5 45. Re7+ Kf6 46. Rxa7 Nxe4 47. Nd4 Ke5 48. Nb3 f3 49. Ra5+ Kf4 50. Nc5 Nd2+ 51. Kf2 Rh6 52. Ra4+ Kf5 53. Kg1 Rd6 54. Ra8 Nc4 55. b3 Rd1+ 56. Kf2 Rd2+ 0-1